00565nam a2200193Ia 450000500170000000800410001702000140005804000180007204100080009008200260009810000220012424500570014625000120020326000660021530000240028165000190030565000300032465000170035420221121101838.0210716s2003 xx 000 0 und d a074604007 cAIMIT LIBRARY aeng a621.395 BART26bBART aBartee, Thomas C. aDigital computer fundamentals /cBy Thomas C Bartee. a6th ed. aNew Delhi :bTata McGraw Hill Publishing Company Ltd ,c2003. axii,610p. ;c23 cm. aNumber systems aThe arithmetic-logic unit aLogic design